LEADER 01480nam a2200325 i 4500 001 000000201707 003 CaOOAMICUS 005 20110504000000.0 008 110504s2011 it u000 u ita u 013 $a180413 020 $a88-215-4470-2 040 $aSeMil$bita 100 1 $aFricker, Denis.$0(OLS)http://semarc/name/53689 240 10$aQ ou la source des paroles de Jésus.$0(OLS)http://semarc/title/291934 245 13$aLa fonte Q :$bil "vangelo" ritrovato di Gesù, Figlio dell'uomo /$cDenis Fricker, Nathalie Siffer. 260 $aCinisello Balsamo :$bSan Paolo,$c2011. 300 $a212 p. ;$c19 cm. 490 0 $aParola di Dio. 2. Serie ;$v36 650 4$aBibbia - NT - Vangelo dei Detti Q - Sinottici.$0(OLS)http://semarc/subject/20701 650 4$aBibbia - NT - Vangelo dei Detti Q.$0(OLS)http://semarc/subject/27110 700 1 $aSiffer, Nathalie.$0(OLS)http://semarc/name/72886 830 0$aParola di Dio. 2. serie ;$v36.$0(OLS)http://semarc/title/5940 850 $aSeMil 852 $aSeMil$W1$xVenegono$y1$m2V II 266$j152233$B152233$CSeMilBibl$Z2$F164899 $81 900 1 $aSiffer-Wiederhold, Natalie <1970- >. 961 $aAcquisto: Città Nuova 996 $6020$a88-215-4470-2$9(OLS)http://semarc/number/96552 996 $6245$aLa fonte Q :$bil "vangelo" ritrovato di Gesù, Figlio dell'uomo$9(OLS)http://semarc/title/291933 996 $6260$aCinisello Balsamo :$bSan Paolo$9(OLS)http://semarc/publisher/30129 LEADER 01575nam a2200265 i 4500 001 000000139837 003 CaOOAMICUS 005 20070518000000.0 008 070518s1900 fr u000 u mul u 013 $a113970 040 $aSeMil$bita 245 13$aLe Pentateuque /$cprécédé d'une Prèface de Mgr Mignot. 300 $aXXVII, 1034 p., [1] c. geogr., [2] c. geogr. ripieg. 500 $aContiene : Appendice ; Errata et notes supplémentaires. 650 4$aBibbia. Antico Testamento. Levitico - Commentari, studi, critica, interpretazioni.$0(OLS)http://semarc/subject/2771 650 4$aBibbia. Antico Testamento. Numeri - Commentari, studi, critica, interpretazioni.$0(OLS)http://semarc/subject/11065 650 4$aBibbia. Antico Testamento. Pentateuco - Commentari, studi, critica, interpretazioni.$0(OLS)http://semarc/subject/4709 650 4$aBibbia. Antico Testamento. Genesi - Commentari, studi, critica, interpretazioni.$0(OLS)http://semarc/subject/344 650 4$aBibbia. Antico Testamento. Esodo - Commentari, studi, critica, interpretazioni.$0(OLS)http://semarc/subject/6072 650 4$aBibbia. Antico Testamento. Deuteronomio - Commentari, studi, critica, interpretazioni.$0(OLS)http://semarc/subject/2785 700 1 $aMignot, Eudoxe Irénée .$0(OLS)http://semarc/name/23092 773 0 $tBibbia$dParis : Roger & Chernoviz, 1900-1909.$g1$w()16811 850 $aSeMil 852 $aSeMil$W1$xVenegono$y1$m2VA IV 9$j267632$B93227$CSeMilBibl$Z2$F116905 $81 996 $6245$aLe Pentateuque$9(OLS)http://semarc/title/204269